| 000 | 00359cam a22001097a 4500 | ||
|---|---|---|---|
| 008 | 180718b-- xxu||||| |||| 00| 0 eng d | ||
| 082 | _aB71103x5413 A | ||
| 100 | _aBihar. Law (Legislative) Department | ||
| 245 | _aThe Bihar Panchayat Samitis and Zila Parishads Act, 1961 (Bihar Act of 1962) | ||
| 260 |
_aPatna _bThe author _c-- |
||
| 500 | _aLibrary has 1961, 1975 | ||
| 999 |
_c488553 _d488553 |
||